Team Logo - Horizon League - Statistics

General Stats
  • This quiz has been taken 14 times
  • The average score is 9 of 11
Answer Stats
Picture Answer % Correct
Youngstown State Penguins
100%
Cleveland State Vikings
92%
Green Bay Phoenix
92%
Oakland Golden Grizzlies
92%
Detroit Mercy Titans
85%
Robert Morris Colonials
85%
Wright State Raiders
85%
Northern Kentucky Norse
77%
IU Indy Jaguars
69%
Milwaukee Panthers
69%
Purdue Fort Wayne Mastodons
62%
No matching quizzes found
Score Distribution
Percent of People with Each Score
Percentile by Number Answered
Your Score History
You have not taken this quiz